| 000 | 01275cam a22003374a 4500 | ||
|---|---|---|---|
| 001 | 15012301 | ||
| 003 | PILC | ||
| 005 | 20150507133423.0 | ||
| 008 | 070917s2008 maua b 001 0 eng | ||
| 010 | _a 2007038401 | ||
| 020 | _a9780763744342 (pbk. : alk. paper) | ||
| 020 | _a0763744344 (pbk. : alk. paper) | ||
| 035 | _a(DNLM)101316713 | ||
| 040 |
_aDNLM/DLC _cDLC _dDLC |
||
| 050 | 0 | 0 |
_aRC 440 _b.P7372 2008 |
| 245 | 0 | 0 |
_aPsychiatric mental health nursing : _ban introduction to theory and practice / _ceditors, Patricia G. O'Brien, Winifred Z. Kennedy, Karen A. Ballard. |
| 260 |
_aSudbury, MA : _bJones and Bartlett Publishers, _c2008. |
||
| 300 |
_axxiii, 598 pages : _billustrations ; _c28 cm. |
||
| 500 | _aIncludes bibliographical references and index. | ||
| 650 | 0 | _aPsychiatric nursing. | |
| 650 | 1 | 2 |
_aMental Disorders _xnursing. |
| 650 | 1 | 2 |
_aPsychiatric Nursing _xmethods. |
| 650 | 2 | 2 | _aNursing Theory. |
| 700 | 1 | _aO'Brien, Patricia G. | |
| 700 | 1 | _aKennedy, Winifred Z. | |
| 700 | 1 | _aBallard, Karen A. | |
| 856 | 4 | 1 |
_3Table of contents only _uhttp://www.loc.gov/catdir/toc/ecip0727/2007038401.html |
| 906 |
_a7 _bcbc _corignew _d1 _eecip _f20 _gy-gencatlg |
||
| 942 |
_2lcc _cBK |
||
| 999 |
_c283888 _d283888 |
||